A magyar jobbágyság története

Bibliographic Details
Main Author: Acsády, Ignác, 1845-1906 (Author)
Format: Book
Language:Hungarian
PhysicalDescription:443 s. 8°
Published: Budapest Szikra 1950
Edition:4. kiad.

MARC

LEADER 00000nam a2200000 a 4500
001 vtls001140577
003 SK-MaSNL
005 20260301153910.0
008 250414s1950 HU 0 hun
035 |a SNK000083430 
040 |a SNK  |b slo  |c SNK  |e AACR2 
041 0 |a hun 
044 |a HU 
080 |a 326.3(439)(091)  |2 1981 
100 1 |a Acsády, Ignác,  |d 1845-1906  |4 aut  |9 132864 
245 1 0 |a A magyar jobbágyság története  |c Ignácz Acsády 
250 |a 4. kiad. 
260 |a Budapest  |b Szikra  |c 1950  |e S.l.Hungária  |f Hungária 
300 |a 443 s.  |c 8° 
852 |a Slovenská národná knižnica 
954 |a Maďarsko (Uhorsko)  |a nevoľníctvo 
958 |a RK 
999 |c 794864  |d 796794 
952 |t P60, <03>, [BOOK], {603}  |a SNK  |b SNK  |y PREZ  |7 0  |p 17A0233315  |o snkSD 26264  |0 0  |1 0  |4 0  |d 2000-03-28  |l 0  |r 2005-01-01 00:00:00  |w 2026-02-24